000 00507cam a2200193ua 4500
001 6210
005 20260515114019.0
008 131125n ii |||gr||||Z||||||eng
040 _cMAIN
082 _a658
245 _aIntroduction to business management
_cBy Badal Kumar Sen
250 _a1st ed.
260 _aDibrugarh:
_bBani Mandir,
_c1986.
300 _ax,119p.
653 _aGeneral management
653 _aIntroduction to business management
700 _aSen,Badal Kumar,
_eAuthor.
942 _cBK
999 _c5357
_d5357